000 00745nam a2200193Ia 4500
003 GCL
008 140319s9999 xx 000 0 ara d
020 _a6713215977
040 _aGCL /
_cGCL
082 0 4 _a330.121
_bم ع
100 1 _aمجدى عبدالفتاح سليمان
245 1 0 _aعمر بن الخطاب والمشكلات الاقتصادية المعاصرة /
_cمجدى عبدالفتاح سليمان
260 _aالقاهرة :
_bدار غريب للطباعة والنشر والتوزيع ،
_c2003
300 _a244 ص ؛
_c24 سم
650 0 4 _aالاقتصاد الاسلامى
650 0 4 _aالاسلام والاصلاح الاقتصادى
650 0 4 _aالمشكلات الاقتصادية
942 _2ddc
_cBK
999 _c5264
_d5264